000 01284pam a2200301 a 4500
999 _c128591
_d128591
001 4836239
003 ARRUPE
005 20190124144138.0
008 900914r19911932nju 001 0 eng
010 _a 90048752
020 _a0887388876
040 _aDLC
_cDLC
_dDLC
043 _an-us---
050 0 0 _aHD2795
_b.B53 1991
082 0 0 _a338.7/4/0973
_220
100 1 _aBerle, Adolf A.,
_cJr.,
_d1895-1971.
_943504
245 1 4 _aThe modern corporation and private property /
_cAdolf A. Berle and Gardiner C. Means ; with a new introduction by Murray L. Weidenbaum and Mark Jensen.
260 _aNew Brunswick, N.J., U.S.A. :
_bTransaction Publishers,
_cc1991.
300 _aliv, 380 p. ;
_c23 cm.
500 _a"Originally published in 1932 by Harcourt, Brace & World"--T.p. verso.
504 _aIncludes bibliographical references and index.
650 0 _aCorporations
_zUnited States.
_943505
650 0 _aCorporation law
_zUnited States.
_943506
650 0 _aCorporate governance
_zUnited States.
_943507
700 1 _aMeans, Gardiner C.
_q(Gardiner Coit),
_d1896-1988.
_943508
906 _a7
_bcbc
_corignew
_d1
_eocip
_f19
_gy-gencatlg
942 _2lcc
_cMONOGRAPH